000
00442nam a22001457a 4500
003
SGT
020
_a
9788121943000
082
_a
350.954
_b
D91B
100
_a
ब्रह्मप्रकाश, चौधरी
245
_a
दिल्ली के प्रथम मुख्यमंत्री
260
_b
एल. चाँद पब्लिशिंग
_c
1991
300
_a
248
650
_a
SOCIAL SCIENCE
942
_2
ddc
_c
BK
999
_c
27628
_d
27628